000 00387nam a22001457a 4500
005 20260105150959.0
008 260105b |||||||| |||| 00| 0 eng d
020 _a978-178135339-4
100 _aBEERE, JACKIE
245 _aTEACHING AND LEARNING
260 _aWALES
_bINDEPENDENT THINKING PRESS
_c2020
300 _aVIII, 218P.
650 _a1. TEACHING 2. LEARNING
942 _2lcc
_cBK
999 _c216399
_d216399